| 000 | 00737nam a2200253 a 4500 | ||
|---|---|---|---|
| 008 | |||
| 020 | _a0471104280 (cased) | ||
| 049 | _aMAIN | ||
| 090 |
_aQD453.2 _bALB |
||
| 100 | 1 | _aAlberty, Robert A. | |
| 245 | 1 | 0 |
_aPhysical chemistry / _cRobert A. Alberty, Robert J. Silbey. |
| 250 | _a2nd ed. | ||
| 260 |
_aNew York : _bWiley, _cc1997. |
||
| 300 |
_ax, 950 p. : _bill. ; _c26 cm. |
||
| 504 | _aIncludes bibliographical references. | ||
| 500 | _aIncludes index. | ||
| 650 | 0 | _aChemistry, Physical and theoretical. | |
| 700 | 1 | _aSilbey, Robert J. | |
| 907 |
_a.b10057018 _b23-10-10 _c17-04-03 |
||
| 003 | |||
| 005 | 20230123133447.0 | ||
| 040 | _cNUST | ||
| 942 |
_cBOOKS _kQD453.2 _mALB |
||
| 999 |
_c148982 _d148982 |
||